| 000 | 00689nam a22002057a 4500 | ||
|---|---|---|---|
| 003 | SEM | ||
| 005 | 20250909170235.0 | ||
| 008 | 250909r1979 ai ||||gr||||||01|||arm|d | ||
| 040 |
_aSEM _cSEM |
||
| 041 | _aarm | ||
| 080 | _a891.981-3/Ս-15 | ||
| 100 | _aՍահինյան, Անահիտ | ||
| 245 |
_aԽաչուղիններ / _cԱ․ Սահինյան ; Խմբ․՝ Ս․ Հ․ Ուռումյան |
||
| 260 |
_aԵրևան ։ _b«Սովետական գրող» հրատ․, _c1979․ |
||
| 300 |
_a623 էջ ; _c21 սմ |
||
| 650 |
_a Հայ գրականություն _x արձակ |
||
| 653 | _aՍԷՄ | ||
| 700 |
_aՈւռումյան, Ս․ Հ․ _eխմբ․ _4edt. |
||
| 942 |
_2udc _cBK _n0 |
||
| 999 |
_c76931 _d76931 |
||